Loading…

Ethnic Boundaries in Turkish Politics : The Secular Kurdish Movement and Islam /

Bibliographic Details
Main Author: Sarıgil, Zeki (Author, VerfasserIn)
Format: Electronic eBook
Language:Inglés
Published: New York New York University Press 2018
Series:Book collections on Project MUSE.
Subjects:
Online Access:Texto completo

MARC

LEADER 00000cam a22000004a 4500
001 musev2_76346
003 MdBmJHUP
005 20230905051901.0
006 m o d
007 cr||||||||nn|n
008 180719s2018 nyu o 00 0 eng d
020 |a 9781479821181 
020 |z 9781479882168 
035 |a (OCoLC)1046977689 
040 |a MdBmJHUP  |c MdBmJHUP 
100 1 |a Sarıgil, Zeki  |e VerfasserIn  |4 aut 
245 1 0 |a Ethnic Boundaries in Turkish Politics :   |b The Secular Kurdish Movement and Islam /   |c Zeki Sarigil 
264 1 |a New York  |b New York University Press  |c 2018 
264 3 |a Baltimore, Md. :  |b Project MUSE,   |c 2021 
264 4 |c ©2018 
300 |a 1 online resource:   |b Illustrationen 
336 |a text  |b txt  |2 rdacontent 
337 |a computer  |b c  |2 rdamedia 
338 |a online resource  |b cr  |2 rdacarrier 
505 0 |a The boundary approach to ethnicity and nationalism -- The Islamic opening of the Kurdish movement -- Explaining the Kurdish movement's boundary making -- Conclusions and implications. 
588 |a Description based on print version record. 
650 0 7 |a Kurden.  |0 (DE-588)4033792-3  |2 gnd 
650 0 7 |a Autonomiebewegung.  |0 (DE-588)4131751-8  |2 gnd 
650 0 7 |a Ethnizität.  |0 (DE-588)4220764-2  |2 gnd 
651 7 |a Türkei.  |0 (DE-588)4061163-2  |2 gnd 
655 7 |a Electronic books.   |2 local 
710 2 |a Project Muse.  |e distributor 
830 0 |a Book collections on Project MUSE. 
856 4 0 |z Texto completo  |u https://projectmuse.uam.elogim.com/book/76346/ 
945 |a Project MUSE - Custom Collection 
945 |a Project MUSE - Archive Complete Supplement IX 
945 |a Project MUSE - Archive Political Science and Policy Studies Supplement IX 
945 |a Project MUSE - Archive Middle Eastern Studies Supplement VI